[Event "X Open A"]
[Site "Genova ITA"]
[Date "2006.08.07"]
[Round "1"]
[White "Georgiev, Krum I."]
[Black "Astengo, Marcello"]
[Result "1-0"]
[WhiteElo "2485"]
[BlackElo "2109"]
[PlyCount "49"]
[EventDate "2006.08.07"]

1. e4 e6 2. d4 d5 3. Nd2 Nf6 4. e5 Ng8 5. Bd3 c5 6. c3 Nc6 7. Ne2 Bd7 8. O-O
Qc7 9. Nf3 Rc8 10. Bd2 f5 11. Nf4 g6 12. h4 Nge7 13. Re1 Bg7 14. dxc5 Nxe5 15.
Bb5 N7c6 16. Ng5 Ke7 17. c4 d4 18. Nd5+ exd5 19. cxd5 Kf8 20. dxc6 bxc6 21. Bf4
h6 22. Nf3 Re8 23. Bc4 Nxf3+ 24. Qxf3 Be5 25. Rxe5 1-0

[Event "X Open A"]
[Site "Genova ITA"]
[Date "2006.08.07"]
[Round "1"]
[White "Hamperl, Fred"]
[Black "Ferretti, Folco"]
[Result "0-1"]
[WhiteElo "2025"]
[BlackElo "2254"]
[PlyCount "94"]
[EventDate "2006.08.07"]

1. e4 c6 2. d4 d5 3. exd5 cxd5 4. Bd3 Nc6 5. c3 Qc7 6. f4 g6 7. Ne2 Bg7 8. Nd2
Nh6 9. Nf3 Bf5 10. O-O Bxd3 11. Qxd3 Nf5 12. Ne5 O-O 13. Ng3 Nxg3 14. Qxg3 e6
15. Qh4 Qe7 16. Qxe7 Nxe7 17. Bd2 Rac8 18. Rae1 Nf5 19. g4 Nd6 20. Bc1 b5 21.
a3 Rfe8 22. Kg2 a5 23. Nd3 Ne4 24. f5 Rc4 25. fxe6 fxe6 26. Bf4 Bf8 27. Ne5
Rcc8 28. a4 bxa4 29. Nd7 a3 30. bxa3 Red8 31. Nxf8 Rxf8 32. Bh6 Rfe8 33. Rb1
Rb8 34. Rxb8 Rxb8 35. Rf3 Rc8 36. Rf1 Nxc3 37. Rc1 e5 38. dxe5 Kf7 39. Bd2 d4
40. Rf1+ Ke6 41. Rf6+ Kxe5 42. Rf7 Ke4 43. Kf1 Kd3 44. Bh6 Kc2 45. Rxh7 d3 46.
Rd7 Ne4 47. Rd4 d2 0-1

[Event "X Open A"]
[Site "Genova ITA"]
[Date "2006.08.07"]
[Round "1"]
[White "Lanzani, Mario"]
[Black "Faccia, Sergio"]
[Result "1-0"]
[WhiteElo "2331"]
[BlackElo "2035"]
[PlyCount "87"]
[EventDate "2006.08.07"]

1. e4 e5 2. f4 exf4 3. Bc4 d5 4. Bxd5 Nf6 5. Nc3 Nxd5 6. Nxd5 Bd6 7. d4 Qh4+ 8.
Kf1 c6 9. Nf3 Qg4 10. h3 Qg3 11. Nc3 f6 12. Ne2 Qg6 13. Qd3 b6 14. Nxf4 Bxf4
15. Bxf4 Ba6 16. c4 O-O 17. Kf2 Nd7 18. Rhe1 c5 19. d5 Ne5 20. Bxe5 fxe5 21.
Kg1 Qg3 22. Qc3 Rae8 23. Re3 Bc8 24. Qe1 Qg6 25. Kh2 Rf4 26. Qg3 Qf6 27. Ng1 h5
28. Rf3 h4 29. Qf2 Qg5 30. Rxf4 exf4 31. Re1 Ba6 32. b3 Qf6 33. Nf3 g5 34. e5
Qf5 35. Qe2 Bc8 36. e6 g4 37. Nxh4 g3+ 38. Kg1 Qg5 39. Qg4 Qxg4 40. hxg4 Kh7
41. Nf5 Kg6 42. Nd6 Rg8 43. Nxc8 Rxc8 44. d6 1-0

[Event "X Open A"]
[Site "Genova ITA"]
[Date "2006.08.07"]
[Round "1"]
[White "Lazic, Miroljub"]
[Black "Durdevic, Radoslav"]
[Result "1-0"]
[WhiteElo "2477"]
[BlackElo "2092"]
[PlyCount "83"]
[EventDate "2006.08.07"]

1. e4 c6 2. d4 d5 3. f3 e6 4. Nc3 Ne7 5. Be3 g6 6. Qd2 Bg7 7. Bh6 Bxh6 8. Qxh6
Ng8 9. Qe3 Qh4+ 10. g3 Qh6 11. f4 Ne7 12. Nf3 Nd7 13. O-O-O Qg7 14. e5 b6 15.
Bd3 Nf5 16. Qf2 h5 17. h3 Bb7 18. g4 Ne7 19. Ne2 O-O-O 20. Ng3 hxg4 21. hxg4
Rxh1 22. Rxh1 Rh8 23. Rxh8+ Qxh8 24. Ng5 Qg8 25. Qh2 c5 26. c3 cxd4 27. cxd4
Nc6 28. Nf3 Kb8 29. Kd2 f5 30. exf6 Nxf6 31. Qh4 Nd7 32. Qh6 Qf8 33. Qxf8+ Nxf8
34. Ke3 Kc7 35. Ne5 Ne7 36. Ne2 Bc6 37. Nc3 Be8 38. Nb5+ Bxb5 39. Bxb5 Kd8 40.
Kf3 a5 41. Kg3 Ng8 42. Bd3 1-0

[Event "X Open A"]
[Site "Genova ITA"]
[Date "2006.08.07"]
[Round "1"]
[White "Rodella, Franco"]
[Black "Martinez, Rolly"]
[Result "0-1"]
[WhiteElo "2072"]
[BlackElo "2399"]
[PlyCount "88"]
[EventDate "2006.08.07"]

1. c4 e5 2. Nc3 Nc6 3. g3 g6 4. Bg2 Bg7 5. d3 d6 6. e4 Be6 7. Nge2 Qd7 8. Nd5
Nce7 9. Bg5 c6 10. Nxe7 Nxe7 11. Qd2 h6 12. Be3 f5 13. Rc1 d5 14. Qc2 fxe4 15.
Bc5 exd3 16. Qxd3 d4 17. Bxe7 Bf5 18. Be4 Kxe7 19. f4 Bxe4 20. Qxe4 Qf5 21.
Qxf5 gxf5 22. fxe5 Bxe5 23. Kd2 c5 24. Rhf1 Raf8 25. Kd3 Rf6 26. Nf4 Bxf4 27.
Rxf4 Rhf8 28. Rcf1 a6 29. b4 b6 30. a3 Kd6 31. g4 Ke5 32. gxf5 Rxf5 33. Re4+
Kd6 34. Rxf5 Rxf5 35. Rh4 h5 36. Rh3 Ke5 37. Rg3 Kf6 38. Ke4 Re5+ 39. Kd3 h4
40. Rf3+ Kg5 41. bxc5 bxc5 42. Kd2 Rf5 43. Ke2 Rxf3 44. Kxf3 Kf5 0-1

[Event "X Open A"]
[Site "Genova ITA"]
[Date "2006.08.07"]
[Round "1"]
[White "Salvador, Roland"]
[Black "Berni, Mauro"]
[Result "1-0"]
[WhiteElo "2420"]
[BlackElo "2078"]
[PlyCount "107"]
[EventDate "2006.08.07"]

1. d4 e6 2. c4 d5 3. Nf3 c6 4. e3 f5 5. Ne5 Nf6 6. g4 Nxg4 7. Nxg4 fxg4 8. Qxg4
Bb4+ 9. Bd2 Bxd2+ 10. Nxd2 O-O 11. Qg3 Qf6 12. f4 c5 13. Nf3 Nc6 14. O-O-O cxd4
15. Nxd4 Nxd4 16. Rxd4 Bd7 17. Kb1 Bc6 18. Bg2 dxc4 19. Bxc6 bxc6 20. Rc1 Rfd8
21. Rcxc4 Rxd4 22. Rxd4 Rd8 23. Rxd8+ Qxd8 24. Qe1 Qd3+ 25. Ka1 c5 26. a3 c4
27. Qb4 a5 28. Qb6 Kf7 29. Ka2 Qd5 30. e4 Qxe4 31. Qxa5 Qxf4 32. Qb4 Qd4 33. a4
Qd5 34. Qc3 e5 35. a5 Qb5 36. b3 Ke6 37. bxc4 Qc6 38. Kb3 Qb7+ 39. Ka3 h6 40.
c5 Qc6 41. Qc4+ Kd7 42. a6 Kc7 43. Kb4 e4 44. Ka5 g5 45. Qf7+ Kb8 46. Qf8+ Ka7
47. Qe7+ Kb8 48. Qd8+ Ka7 49. Qb6+ Qxb6+ 50. cxb6+ Kb8 51. Kb5 e3 52. Kc6 e2
53. a7+ Ka8 54. Kc7 1-0

[Event "X Open A"]
[Site "Genova ITA"]
[Date "2006.08.08"]
[Round "2"]
[White "Andreoni, Giuseppe"]
[Black "Collareta, Giovanni"]
[Result "0-1"]
[WhiteElo "2003"]
[BlackElo "2098"]
[PlyCount "36"]
[EventDate "2006.08.07"]

1. e4 c5 2. Nf3 e6 3. b4 d5 4. Bb5+ Bd7 5. Bxd7+ Nxd7 6. exd5 Qf6 7. d4 cxd4 8.
Bg5 Bxb4+ 9. Nbd2 Qf5 10. dxe6 Qxe6+ 11. Qe2 Qxe2+ 12. Kxe2 f6 13. Bf4 Ne7 14.
Nxd4 Bc3 15. Nb5 Bxa1 16. Nc7+ Kf7 17. Nxa8 Nd5 18. Rxa1 Nxf4+ 0-1

[Event "X Open A"]
[Site "Genova ITA"]
[Date "2006.08.08"]
[Round "2"]
[White "Astengo, Marcello"]
[Black "Hamperl, Fred"]
[Result "1-0"]
[WhiteElo "2109"]
[BlackElo "2025"]
[PlyCount "73"]
[EventDate "2006.08.07"]

1. d4 Nf6 2. c4 c5 3. d5 e6 4. Nc3 exd5 5. cxd5 d6 6. e4 g6 7. Bd3 Bg7 8. Nge2
O-O 9. O-O Na6 10. Ng3 Nc7 11. h3 a6 12. a4 Rb8 13. f4 b5 14. a5 Re8 15. Qf3
Nd7 16. Kh1 c4 17. Bc2 b4 18. Nce2 Nb5 19. e5 dxe5 20. f5 Nd6 21. Ne4 Nxe4 22.
Bxe4 Rf8 23. Be3 Nf6 24. Bg5 h6 25. Bh4 g5 26. Bf2 Qd7 27. Bc5 Re8 28. Rad1
Nxe4 29. Qxe4 Qb5 30. Bd6 Rb7 31. f6 Bf8 32. Bxf8 Rxf8 33. h4 g4 34. Ng3 c3 35.
Nf5 h5 36. Qe3 Bxf5 37. Rxf5 1-0

[Event "X Open A"]
[Site "Genova ITA"]
[Date "2006.08.08"]
[Round "2"]
[White "Bacigalupo, Claudio"]
[Black "De Santis, Alessio"]
[Result "0-1"]
[WhiteElo "1999"]
[BlackElo "2337"]
[PlyCount "70"]
[EventDate "2006.08.07"]

1. d4 g6 2. g3 Bg7 3. Bg2 h5 4. e4 d6 5. Nc3 h4 6. f4 c6 7. g4 Qb6 8. e5 g5 9.
fxg5 dxe5 10. g6 f5 11. dxe5 fxg4 12. Qd3 Nd7 13. Bf4 Nc5 14. Qd2 Bf5 15. O-O-O
Rd8 16. Qxd8+ Qxd8 17. Rxd8+ Kxd8 18. Nge2 Ne6 19. Be3 Bxg6 20. Bxa7 Bxe5 21.
Ne4 h3 22. Rd1+ Kc7 23. Bh1 Bxh2 24. N2g3 Nf6 25. Nxf6 exf6 26. Ne4 f5 27. Nc5
Nxc5 28. Bxc5 Bf4+ 29. Kb1 Re8 30. a4 b6 31. Bd4 Re2 32. Bf6 Be5 33. Bd8+ Kb7
34. Rd7+ Kc8 35. Bxb6 Be8 0-1

[Event "X Open A"]
[Site "Genova ITA"]
[Date "2006.08.08"]
[Round "2"]
[White "Cehic, Goran"]
[Black "Georgiev, Krum I."]
[Result "0-1"]
[WhiteElo "2136"]
[BlackElo "2485"]
[PlyCount "32"]
[EventDate "2006.08.07"]

1. d4 Nf6 2. Nc3 c5 3. dxc5 e6 4. Nf3 Bxc5 5. e3 O-O 6. Bd3 a6 7. a4 Nc6 8. O-O
d6 9. h3 h6 10. Nd2 d5 11. Nb3 Ba7 12. e4 Qd6 13. exd5 exd5 14. Ne2 Nh5 15. Be4
Bb8 16. f4 dxe4 0-1

[Event "X Open A"]
[Site "Genova ITA"]
[Date "2006.08.08"]
[Round "2"]
[White "Di Paolo, Raffaele"]
[Black "Natoli, Domenico"]
[Result "1-0"]
[WhiteElo "2334"]
[BlackElo "1933"]
[PlyCount "85"]
[EventDate "2006.08.07"]

1. e4 c5 2. Nf3 d6 3. d4 cxd4 4. Nxd4 Nf6 5. Nc3 a6 6. Bg5 e6 7. f4 Be7 8. Qf3
Qc7 9. O-O-O Nbd7 10. Bd3 h6 11. Bh4 g5 12. fxg5 Ne5 13. Qe2 Nfg4 14. Nf3 Nxf3
15. gxf3 Ne5 16. f4 Ng6 17. Qf2 hxg5 18. Bxg5 Bxg5 19. fxg5 Bd7 20. e5 Nxe5 21.
Qf6 Rf8 22. g6 Qd8 23. Ne4 Qxf6 24. Nxf6+ Ke7 25. Nxd7 Kxd7 26. g7 Rg8 27. Rhg1
f5 28. Be2 Rae8 29. Rg2 Re7 30. Rdg1 Rf7 31. h4 Rf6 32. h5 Rh6 33. Rg3 Ke7 34.
Rb3 b5 35. Ra3 f4 36. Rxa6 f3 37. Bxf3 Nxf3 38. Ra7+ Ke8 39. Rf1 Rxh5 40. Rxf3
Rf5 41. Rc3 Rc5 42. Rxc5 dxc5 43. Kd2 1-0

[Event "X Open A"]
[Site "Genova ITA"]
[Date "2006.08.08"]
[Round "2"]
[White "Dzhumaev, Marat"]
[Black "Lanzani, Mario"]
[Result "1/2-1/2"]
[WhiteElo "2509"]
[BlackElo "2331"]
[PlyCount "101"]
[EventDate "2006.08.07"]

1. e4 e5 2. Nf3 Nc6 3. Bb5 a6 4. Ba4 Nf6 5. O-O Nxe4 6. d4 b5 7. Bb3 d5 8. dxe5
Be6 9. Nbd2 Be7 10. a4 b4 11. Nxe4 dxe4 12. Nd2 Bxb3 13. cxb3 e3 14. fxe3 Nxe5
15. Qh5 Ng6 16. Nc4 O-O 17. Rd1 Qc8 18. e4 Qe6 19. Qf5 Bf6 20. Qxe6 fxe6 21.
Be3 Ne5 22. Nxe5 Bxe5 23. Rd7 Rad8 24. Rad1 Rxd7 25. Rxd7 Bd6 26. h3 h6 27. Bd4
e5 28. Bb6 Rf4 29. Bxc7 Bc5+ 30. Kh2 Rxe4 31. Rd8+ Kf7 32. Ra8 Re2 33. Rxa6 Bd4
34. Bd6 Rxb2 35. Bxb4 Rxb3 36. Bd6 e4 37. Rc6 e3 38. Rc2 Rb6 39. Bc7 Rb7 40.
Kg3 e2 41. Ba5 Ra7 42. Be1 Rxa4 43. Rxe2 Bf6 44. Kf3 Ra3+ 45. Ke4 Ra4+ 46. Kd5
Rd4+ 47. Kc5 Rd3 48. Kc6 h5 49. Bb4 Rb3 50. Bd6 Rb2 51. Rxb2 1/2-1/2

[Event "X Open A"]
[Site "Genova ITA"]
[Date "2006.08.08"]
[Round "2"]
[White "Martinez, Rolly"]
[Black "Pesce, Gabriele"]
[Result "1-0"]
[WhiteElo "2399"]
[BlackElo "2006"]
[PlyCount "102"]
[EventDate "2006.08.07"]

1. e4 c5 2. Nf3 d6 3. d4 cxd4 4. Qxd4 Nc6 5. Bb5 Bd7 6. Bxc6 Bxc6 7. Nc3 e6 8.
Bg5 Nf6 9. O-O-O Be7 10. Rhe1 O-O 11. e5 Nd5 12. Bxe7 Qxe7 13. Nxd5 Bxd5 14.
Qb4 Rfd8 15. Re3 a5 16. exd6 Qxd6 17. Qh4 Qc7 18. Rc3 Bxf3 19. Rxd8+ Qxd8 20.
Qxd8+ Rxd8 21. Rxf3 Kf8 22. Rb3 Rb8 23. Rc3 Ke7 24. Rc7+ Kf6 25. c4 e5 26. Kc2
Ke6 27. Kc3 b5 28. Rc6+ Kf5 29. c5 Rd8 30. Ra6 Rd4 31. Rxa5 Rc4+ 32. Kd3 Rd4+
33. Ke2 Re4+ 34. Kf1 Rb4 35. b3 Ke6 36. g3 f5 37. Ra7 Rg4 38. h3 Rg5 39. Rb7
Kd5 40. Rxb5 Rg6 41. b4 Ra6 42. Rb7 Rxa2 43. Rxg7 Rb2 44. Rd7+ Ke4 45. Kg2 Rxb4
46. Rxh7 Kd5 47. Rh5 Ke6 48. Rh6+ Kf7 49. c6 Rc4 50. c7 Kg7 51. Re6 Rc5 1-0

[Event "X Open A"]
[Site "Genova ITA"]
[Date "2006.08.08"]
[Round "2"]
[White "Novelli, Cristiano"]
[Black "Salvador, Roland"]
[Result "0-1"]
[WhiteElo "2145"]
[BlackElo "2420"]
[PlyCount "80"]
[EventDate "2006.08.07"]

1. e4 c5 2. Nc3 Nc6 3. g3 g6 4. Bg2 Bg7 5. d3 Rb8 6. Be3 d6 7. Qd2 b5 8. f4 b4
9. Nd1 a5 10. Ne2 Qc7 11. O-O f5 12. exf5 gxf5 13. d4 c4 14. c3 Nf6 15. Nf2 d5
16. Rae1 Nd8 17. Kh1 Nf7 18. Ng1 Nd6 19. Nf3 Nfe4 20. Qc1 a4 21. Nxe4 dxe4 22.
Ne5 O-O 23. Rf2 Be6 24. Rg1 a3 25. Bh3 axb2 26. Rxb2 bxc3 27. Rc2 Rb2 28. Rxb2
cxb2 29. Qxb2 c3 30. Qc2 Rc8 31. g4 fxg4 32. Nxg4 Kh8 33. d5 Bxd5 34. Nh6 Rf8
35. Rxg7 Kxg7 36. Qg2+ Kh8 37. Bd4+ Rf6 38. Qg5 c2 39. Qxd5 c1=Q+ 40. Kg2 Q7c2+
0-1

[Event "X Open A"]
[Site "Genova ITA"]
[Date "2006.08.08"]
[Round "2"]
[White "Okhotnik, Vladimir"]
[Black "Bontempi, Piero"]
[Result "0-1"]
[WhiteElo "2485"]
[BlackElo "2318"]
[PlyCount "146"]
[EventDate "2006.08.07"]

1. Nf3 d5 2. d4 Bf5 3. c4 e6 4. cxd5 exd5 5. Nc3 c6 6. Ne5 Nd7 7. Bf4 Ngf6 8.
Nxd7 Qxd7 9. Qb3 Be7 10. e3 O-O 11. Be2 Ne4 12. Nxe4 dxe4 13. O-O Be6 14. Bc4
Bxc4 15. Qxc4 Rfd8 16. Qb3 a5 17. a4 Bb4 18. Qc4 Rac8 19. b3 b5 20. Qc2 Qe6 21.
Rfd1 Rd5 22. Qe2 Qd7 23. Rac1 bxa4 24. bxa4 c5 25. Qb5 Rd8 26. Qxd7 R8xd7 27.
Kf1 f6 28. Ke2 cxd4 29. Rxd4 Rxd4 30. exd4 Rxd4 31. Rc8+ Kf7 32. Rc7+ Kg6 33.
Ke3 Rd3+ 34. Kxe4 Ra3 35. h4 Rxa4 36. Rc4 h5 37. Be3 Ra1 38. g3 Bd6 39. Rc6 Be5
40. Ra6 a4 41. f4 Bb2 42. f5+ Kh7 43. Bf4 a3 44. Kd3 Rd1+ 45. Ke4 Rd4+ 46. Ke3
Rd7 47. Kf3 Rd3+ 48. Ke4 Rd1 49. Ra8 Ra1 50. Kf3 Be5 51. Kg2 Bxf4 52. gxf4 a2
53. Ra7 Kg8 54. Ra8+ Kf7 55. Ra7+ Ke8 56. Kh2 Kd8 57. Kg2 Kc8 58. Kh2 Kb8 59.
Ra3 Kb7 60. Kg2 Kb6 61. Kh2 Kb5 62. Kg2 Kb4 63. Ra7 Kb3 64. Rb7+ Kc3 65. Ra7
Kd4 66. Ra4+ Ke3 67. Kh2 Kf3 68. Ra7 Kxf4 69. Ra5 Kg4 70. Kg2 Kxh4 71. Ra7 Kg4
72. Ra5 h4 73. Kh2 h3 0-1

[Event "X Open A"]
[Site "Genova ITA"]
[Date "2006.08.08"]
[Round "2"]
[White "Rodriguez Alvarez, Alan"]
[Black "Lazic, Miroljub"]
[Result "0-1"]
[WhiteElo "2169"]
[BlackElo "2477"]
[PlyCount "98"]
[EventDate "2006.08.07"]

1. e4 Nc6 2. d4 e5 3. dxe5 Nxe5 4. Nf3 Nxf3+ 5. Qxf3 Bb4+ 6. c3 Bc5 7. Bc4 Qf6
8. Qg3 d6 9. O-O Qg6 10. Bg5 Nf6 11. Nd2 Nh5 12. Qh4 h6 13. Bd8 O-O 14. Bxc7
Be6 15. e5 dxe5 16. Bxe5 Rfe8 17. Bxe6 Rxe6 18. Nf3 Rae8 19. Rae1 f6 20. Bg3
Re4 21. Rxe4 Rxe4 22. Qh3 Bb6 23. Qc8+ Kh7 24. Qxb7 Re2 25. Nh4 Qd3 26. b4 Nxg3
27. hxg3 Rxa2 28. g4 Qe2 29. Nf5 Qxg4 30. Qd5 Re2 31. Qd3 Kh8 32. Nd4 Re5 33.
Nf3 Re4 34. Re1 Rxe1+ 35. Nxe1 a5 36. Qa6 Qe6 37. Qa8+ Kh7 38. Nf3 axb4 39.
cxb4 Qe2 40. Qc8 Bxf2+ 41. Kh2 Qe4 42. b5 f5 43. Qd7 Be3 44. Qc6 Bf4+ 45. Kg1
Qb1+ 46. Kf2 Qb2+ 47. Kf1 Be3 48. Ke1 Qf2+ 49. Kd1 Qf1+ 0-1

[Event "X Open A"]
[Site "Genova ITA"]
[Date "2006.08.08"]
[Round "2"]
[White "Velikov, Petar V."]
[Black "Manfredi, Vincenzo"]
[Result "1-0"]
[WhiteElo "2465"]
[BlackElo "2153"]
[PlyCount "71"]
[EventDate "2006.08.07"]

1. c4 Nf6 2. g3 g6 3. Bg2 Bg7 4. Nc3 O-O 5. d3 e5 6. e4 d6 7. Nge2 c6 8. h3 Be6
9. O-O d5 10. cxd5 cxd5 11. Bg5 d4 12. Bxf6 Qxf6 13. Nd5 Bxd5 14. exd5 Nd7 15.
Rc1 Qd6 16. Qb3 Nb6 17. Rc2 Kh8 18. a3 Bf6 19. h4 Rad8 20. Rfc1 Rd7 21. Rc5 Be7
22. Rb5 Qb8 23. Kh1 Nc8 24. d6 Nxd6 25. Rxe5 Qd8 26. Rd5 Nf5 27. Rxd7 Qxd7 28.
Qxb7 Qxb7 29. Bxb7 Bd6 30. Kg2 Kg7 31. Rc8 Kf6 32. b4 Ke5 33. f4+ Kf6 34. Kf3
a5 35. bxa5 Bxa3 36. Rc6+ 1-0

[Event "X Open A"]
[Site "Genova ITA"]
[Date "2006.08.09"]
[Round "3"]
[White "Barsov, Alexei"]
[Black "Martinez, Rolly"]
[Result "1-0"]
[WhiteElo "2546"]
[BlackElo "2399"]
[PlyCount "111"]
[EventDate "2006.08.07"]

1. d4 d5 2. c4 dxc4 3. Nf3 Nf6 4. e3 e6 5. Bxc4 c5 6. O-O a6 7. Bb3 Nc6 8. Nc3
Be7 9. Qe2 O-O 10. Rd1 cxd4 11. Nxd4 Qc7 12. Nxc6 Qxc6 13. e4 b5 14. Bg5 Bb7
15. Rac1 Qe8 16. a3 Rc8 17. e5 Nd7 18. Bf4 Nc5 19. Bc2 Qc6 20. f3 Qb6 21. Be3
Qc7 22. b4 Nd7 23. Qd3 g6 24. Qxd7 Qxc3 25. Rd3 Rc7 26. Qxe7 Qxc2 27. Rxc2 Rxe7
28. Bg5 Ree8 29. Rd7 Bd5 30. Rcc7 Rc8 31. Rxf7 Rxf7 32. Rxc8+ Rf8 33. Rc7 Rf7
34. Be7 Rf4 35. Rc8+ Kg7 36. Bf6+ Kf7 37. Rc7+ Kg8 38. Rg7+ Kf8 39. Rxh7 Rc4
40. h4 Rc1+ 41. Kh2 Rc2 42. Rg7 Bxf3 43. Rxg6 Bd1 44. Bg5 Ra2 45. Rxe6 Rxa3 46.
Rd6 Bh5 47. Rh6 Bg4 48. e6 Kg7 49. e7 Bd7 50. Rf6 Ra2 51. h5 Re2 52. h6+ Kh7
53. Rf7+ Kg6 54. Rg7+ Kf5 55. h7 Bc6 56. Bh4 1-0

[Event "X Open A"]
[Site "Genova ITA"]
[Date "2006.08.09"]
[Round "3"]
[White "Bertaglia, Luca"]
[Black "Vigano', Massimo"]
[Result "1-0"]
[WhiteElo "2031"]
[BlackElo "2165"]
[PlyCount "101"]
[EventDate "2006.08.07"]

1. d4 e6 2. c4 f5 3. Nc3 Nf6 4. e3 b6 5. Bd3 Bb7 6. f3 g6 7. Nge2 Nc6 8. a3 Qe7
9. Bd2 Bg7 10. b4 O-O 11. O-O e5 12. d5 Nd8 13. e4 f4 14. Be1 g5 15. g4 h5 16.
h3 d6 17. Nc1 Bc8 18. Be2 Kf7 19. Kg2 Rh8 20. Nd3 Kg6 21. Bf2 Rh7 22. c5 Nf7
23. Rc1 Bd7 24. c6 Bc8 25. a4 Nh6 26. a5 Qd8 27. Ra1 Rb8 28. axb6 axb6 29. Rh1
hxg4 30. hxg4 Qh8 31. Ra7 Qd8 32. Be1 Ne8 33. Nf2 Nf6 34. Bd2 Bf8 35. Nb5 Ne8
36. Qa1 Bg7 37. Ra8 Rxa8 38. Qxa8 Nf6 39. Qb8 Qh8 40. Nxc7 Bxg4 41. Qxh8 Bxf3+
42. Bxf3 Rxh8 43. Ne6 Ra8 44. c7 g4 45. Bd1 g3 46. Nh3 Nhg4 47. Bxg4 Nxg4 48.
Rc1 Ra2 49. Nhxf4+ exf4 50. Nxf4+ Kg5 51. c8=Q 1-0

[Event "X Open A"]
[Site "Genova ITA"]
[Date "2006.08.09"]
[Round "3"]
[White "Brun, Dario"]
[Black "Rodriguez Alvarez, Alan"]
[Result "1-0"]
[WhiteElo "2040"]
[BlackElo "2169"]
[PlyCount "89"]
[EventDate "2006.08.07"]

1. d4 Nf6 2. c4 e6 3. Nf3 b6 4. g3 Bb4+ 5. Bd2 Be7 6. Bg2 Bb7 7. O-O O-O 8. Nc3
d6 9. Qc2 c5 10. d5 exd5 11. Nh4 Na6 12. cxd5 Re8 13. Nf5 Bf8 14. Bg5 h6 15.
Bf4 Qd7 16. Bh3 Kh8 17. Qd2 g6 18. Bxh6 gxf5 19. Qg5 Bxh6 20. Qxh6+ Nh7 21. Qh5
f6 22. Bxf5 Re5 23. e4 Nb4 24. f4 Rxf5 25. Qxf5 Qxf5 26. exf5 Nc2 27. Rac1 Nd4
28. Rce1 Ba6 29. Rf2 Nxf5 30. Re6 Rd8 31. g4 Nh6 32. h3 Ng8 33. Ne4 Bc4 34.
Nxd6 Rxd6 35. Rxd6 Ne7 36. Rd8+ Kg7 37. d6 Nc6 38. Rd7+ Kg8 39. Rc7 Nd4 40. d7
Ne6 41. Rc8+ Kf7 42. f5 Nhf8 43. Rxf8+ Kxf8 44. fxe6 Ke7 45. Rd2 1-0

[Event "X Open A"]
[Site "Genova ITA"]
[Date "2006.08.09"]
[Round "3"]
[White "Georgiev, Krum I."]
[Black "Salvador, Roland"]
[Result "0-1"]
[WhiteElo "2485"]
[BlackElo "2420"]
[PlyCount "74"]
[EventDate "2006.08.07"]

1. e4 c5 2. Nf3 Nc6 3. Bb5 Nf6 4. Nc3 Qc7 5. O-O Nd4 6. Re1 a6 7. e5 Nxb5 8.
exf6 Nxc3 9. fxg7 Bxg7 10. dxc3 d6 11. Qd5 h6 12. Qh5 e5 13. Nh4 Be6 14. f4 Rg8
15. fxe5 Bxe5 16. Bf4 O-O-O 17. Bxe5 dxe5 18. Qxe5 Rd2 19. Qxc7+ Kxc7 20. Rac1
Kc6 21. Rf1 Rg4 22. g3 Re4 23. Nf3 Rde2 24. b3 Bh3 25. Rf2 f6 26. Rd1 R4e3 27.
Rxe2 Rxe2 28. Rd2 Rxd2 29. Nxd2 Bf5 30. Kf2 Bxc2 31. Ke3 Kd5 32. a3 a5 33. Ke2
b5 34. c4+ Kd4 35. cxb5 Bd3+ 36. Kf3 Bxb5 37. Kf4 Bd3 0-1

[Event "X Open A"]
[Site "Genova ITA"]
[Date "2006.08.09"]
[Round "3"]
[White "Lanzani, Mario"]
[Black "Di Paolo, Raffaele"]
[Result "1/2-1/2"]
[WhiteElo "2331"]
[BlackElo "2334"]
[PlyCount "54"]
[EventDate "2006.08.07"]

1. e4 c5 2. Nf3 Nc6 3. Bb5 e6 4. Bxc6 bxc6 5. e5 Ne7 6. h4 Nf5 7. Nc3 Qc7 8. d3
Rb8 9. Ne4 d5 10. exd6 Bxd6 11. Nxd6+ Qxd6 12. O-O Rb4 13. h5 g6 14. h6 f6 15.
Bd2 Rb7 16. Nh2 O-O 17. Ng4 e5 18. b3 Nd4 19. Ne3 Be6 20. Nc4 Bxc4 21. dxc4 Rd7
22. Be3 Qe7 23. Bxd4 cxd4 24. Re1 f5 25. Qd2 f4 26. Re4 Rf5 27. Rae1 Qg5
1/2-1/2

[Event "X Open A"]
[Site "Genova ITA"]
[Date "2006.08.09"]
[Round "3"]
[White "Lazic, Miroljub"]
[Black "De Santis, Alessio"]
[Result "1/2-1/2"]
[WhiteElo "2477"]
[BlackElo "2337"]
[PlyCount "97"]
[EventDate "2006.08.07"]

1. g3 e6 2. Bg2 c5 3. c4 Nc6 4. Nc3 h5 5. Nf3 a6 6. d4 cxd4 7. Nxd4 h4 8. Nxc6
bxc6 9. e4 Rb8 10. O-O hxg3 11. hxg3 e5 12. Be3 Qf6 13. Qd2 Qg6 14. Ne2 Bb4 15.
Qc2 Nf6 16. f3 Be7 17. Kf2 d5 18. cxd5 Nxd5 19. Rh1 Rf8 20. Rad1 Nxe3 21. Kxe3
f5 22. f4 Rb5 23. exf5 exf4+ 24. Kd2 Bxf5 25. Qxc6+ Kf7 26. Bd5+ Rxd5+ 27.
Qxd5+ Be6 28. Qh5 Bb4+ 29. Nc3 Qxh5 30. Rxh5 Bxc3+ 31. Kxc3 Bg4 32. Rhh1 Rc8+
33. Kb3 Rb8+ 34. Ka3 Bxd1 35. Rxd1 fxg3 36. Rg1 g5 37. Rxg3 Kf6 38. b4 Kf5 39.
Ka4 Kf4 40. Rg1 g4 41. Ka5 g3 42. a4 Kf3 43. b5 axb5 44. axb5 Kf2 45. Rc1 Ra8+
46. Kb6 Re8 47. Kc7 g2 48. b6 Re7+ 49. Kc8 1/2-1/2

[Event "X Open A"]
[Site "Genova ITA"]
[Date "2006.08.10"]
[Round "4"]
[White "Astengo, Corrado"]
[Black "Lanzani, Mario"]
[Result "0-1"]
[WhiteElo "2119"]
[BlackElo "2331"]
[PlyCount "72"]
[EventDate "2006.08.07"]

1. e4 c6 2. d4 d5 3. Nd2 dxe4 4. Nxe4 Nf6 5. Nxf6+ exf6 6. Bc4 Qe7+ 7. Qe2 Bg4
8. Qxe7+ Bxe7 9. Ne2 Nd7 10. Ng3 Rd8 11. c3 Nb6 12. Bd3 c5 13. Be3 Nd5 14. Bf5
Nxe3 15. fxe3 Bxf5 16. Nxf5 Bf8 17. Rd1 g6 18. Ng3 f5 19. Kf2 Bd6 20. Rhe1 O-O
21. Nf1 b5 22. Nd2 cxd4 23. exd4 Bxh2 24. Re7 Bb8 25. Rb7 a6 26. Re1 Rfe8 27.
Rxe8+ Rxe8 28. Nb3 Bh2 29. Nc5 f4 30. d5 Re3 31. g4 Bg3+ 32. Kg2 Bh4 33. d6 f3+
34. Kh3 f2+ 35. Kxh4 f1=Q 36. d7 Qf6+ 0-1

[Event "X Open A"]
[Site "Genova ITA"]
[Date "2006.08.10"]
[Round "4"]
[White "De Santis, Alessio"]
[Black "Georgiev, Krum I."]
[Result "0-1"]
[WhiteElo "2337"]
[BlackElo "2485"]
[PlyCount "126"]
[EventDate "2006.08.07"]

1. d4 c5 2. d5 e5 3. e4 Nf6 4. f3 d6 5. Be3 Be7 6. Qd2 O-O 7. c4 a6 8. Nc3 Nbd7
9. Bd3 Ne8 10. Nge2 g6 11. Bh6 Ng7 12. g4 Bh4+ 13. Ng3 f6 14. Be3 Rf7 15. O-O-O
Ne8 16. Rdg1 Rg7 17. Nge2 Nc7 18. f4 exf4 19. Nxf4 Ne5 20. Be2 b5 21. Ng2 Bg5
22. h4 Bxe3 23. Nxe3 Bd7 24. h5 g5 25. Rg2 h6 26. Rf1 Rf7 27. Ncd1 Qe7 28. Qa5
Qd8 29. b3 Rb8 30. Nb2 Bc8 31. Rgf2 Qe7 32. Qc3 Bd7 33. Nd3 b4 34. Qb2 Rff8 35.
Nxe5 fxe5 36. Rxf8+ Rxf8 37. Rxf8+ Qxf8 38. Nf5 a5 39. Kd2 Ne8 40. a4 bxa3 41.
Qxa3 Nf6 42. Ke3 Bxf5 43. exf5 Qb8 44. Bd1 Qb4 45. Qxb4 cxb4 46. Kd3 Nd7 47.
Bc2 Kf7 48. Bd1 Ke7 49. Ke4 Nc5+ 50. Ke3 Kd7 51. Bc2 Kc7 52. Bd1 Nd7 53. Kd3
Kb6 54. Ke3 Kc5 55. Kd3 Nf6 56. Be2 e4+ 57. Ke3 a4 58. bxa4 b3 59. Kd2 Kb4 60.
a5 b2 61. Kc2 Ka3 62. Kb1 e3 63. Bd3 Ne4 0-1

[Event "X Open A"]
[Site "Genova ITA"]
[Date "2006.08.10"]
[Round "4"]
[White "Di Lascio, Savino"]
[Black "Guido, Flavio"]
[Result "0-1"]
[WhiteElo "2048"]
[BlackElo "2323"]
[PlyCount "112"]
[EventDate "2006.08.07"]

1. Nf3 Nf6 2. g3 d5 3. Bg2 g6 4. d3 Bg7 5. O-O O-O 6. c3 c5 7. Nbd2 Nc6 8. e4
e5 9. Qe2 Re8 10. Re1 h6 11. Nf1 b6 12. Nh4 Be6 13. h3 Qd7 14. Kh2 Rad8 15. g4
Qe7 16. Nf3 h5 17. g5 Nh7 18. Ng3 c4 19. dxc4 dxc4 20. Be3 Rd3 21. Bf1 Red8 22.
Qc2 R3d7 23. Rad1 Na5 24. Rxd7 Qxd7 25. Be2 Qc8 26. Bf1 Qd7 27. Be2 Qc8 28. Bf1
Rd6 29. Rd1 Qd7 30. Rxd6 Qxd6 31. Qd2 Nb7 32. Be2 Nf8 33. Qc1 Nd7 34. Qf1 b5
35. Qd1 Qc6 36. Nh4 a5 37. Bf3 Nbc5 38. Ngf5 gxf5 39. exf5 e4 40. Bxh5 Be5+ 41.
Kg1 Bd5 42. Bg6 Nf8 43. Qh5 fxg6 44. fxg6 Be6 45. f4 exf3 46. Nxf3 Bg7 47. Bd4
Qc7 48. Kf1 Ne4 49. Qh4 Ng3+ 50. Kg2 Nf5 51. Qf2 Nxg6 52. Bxg7 Kxg7 53. Nd4
Nxd4 54. Qf6+ Kh7 55. cxd4 Bd5+ 56. Kf2 Qf4+ 0-1